01669nam a2200325Ia 4500001001200000003000800012006001900020007001500039008004100054020003200095040002100127035002000148050002300168082001600191110009000207245024000297260005600537300002300593500017200616504004100788533015200829650003500981650004801016651002301064655002901087710006701116710001701183856012601200999001701326ebr10071559CaPaEBRm u cr cn|||||||||050324s2000 dcua sb 000 0 eng d z0309575540 (electronic bk.) aCaPaEBRcCaPaEBR a(OCoLC)5859389514aQB404b.P74 2000eb04a523.9852222 aNational Research Council (U.S.).bTask Group on the Forward Contamination of Europa.10aPreventing the forward contamination of Europah[electronic resource] /cTask Group on the Forward Contamination of Europa, Space Studies Board, Commission on Physical Sciences, Mathematics, and Applications, National Research Council. aWashington, D.C. :bNational Academy Press,cc2000. axii, 41 p. :bill. a"Support for this project was provided by Contract NASW 96013 between the National Academy of Sciences and the National Aeronautics and Space Administration"--P. [ii]. aIncludes bibliographical references. aElectronic reproduction.bPalo Alto, Calif. :cebrary,d2009.nAvailable via World Wide Web.nAccess may be limited to ebrary affiliated libraries. 0aSpace vehiclesxSterilization. 0aMicrobial contaminationzEuropa (Satellite) 0aEuropa (Satellite) 7aElectronic books.2local1 aUnited States.bNational Aeronautics and Space Administration.2 aebrary, Inc.40uhttp://site.ebrary.com/lib/rucke/Doc?id=10071559zAn electronic book accessible through the World Wide Web; click to view c33376d33376